[Event "Muensterland Verbandsklasse-A 0809"]
[Site "Germany"]
[Date "2008.09.13"]
[Round "1.8"]
[White "Herdering, Rajesh"]
[Black "Broemmel, Chris"]
[Result "1-0"]
[WhiteElo "1426"]
[BlackElo "1694"]
[PlyCount "125"]
[EventDate "2008.09.13"]
[EventType "team-tourn"]
[EventRounds "9"]
[EventCountry "GER"]
[SourceTitle "EXT 2010"]
[Source "ChessBase"]
[SourceDate "2010.11.25"]
[SourceVersion "1"]
[SourceVersionDate "2010.11.25"]
[SourceQuality "1"]
[WhiteTeam "Metelen"]
[BlackTeam "Raesfeld Erle"]
[WhiteTeamCountry "GER"]
[BlackTeamCountry "GER"]

1. e4 d5 2. exd5 Qxd5 3. Nc3 Qa5 4. Bc4 Nf6 5. Nge2 Bf5 6. 0-0 c6 7. Ng3 Bg6 8. d3 e6 9. f4 Be7 10. Be3 0-0 11. Nce4 Nd5 12. Bd2 Qb6+ 13. Kh1 Rd8 14. f5 exf5 15. Nxf5 Bf8 16. h4 Nd7 17. h5 Bxf5 18. Rxf5 N7f6 19. Bxd5 Nxd5 20. Qg4 Qxb2 21. Raf1 Rd7 22. c4 Nb6 23. Nf6+ Kh8 24. Nxd7 Nxd7 25. Rxf7 Nf6 26. Qg5 h6 27. Qa5 Qd4 28. Qc3 Qh4+ 29. Kg1 Qxh5 30. Rxb7 Rd8 31. Be3 Bd6 32. Rxf6 Qh2+ 33. Kf1 Be5 34. Rxh6+ gxh6 35. Qb4 Qh1+ 36. Kf2 Qh4+ 37. Ke2 Qg4+ 38. Ke1 Bg3+ 39. Kd2 Be5 40. Kc2 c5 41. Qd2 Qc8 42. Rb5 a6 43. Rxc5 Qb8 44. d4 Bg7 45. Rh5 Qc7 46. Kd3 Qf7 47. Rh1 Qf5+ 48. Kc3 Qa5+ 49. Kd3 Qf5+ 50. Ke2 Qg4+ 51. Kf1 Rf8+ 52. Kg1 Kg8 53. c5 Re8 54. Bf2 Re2 55. Qd3 Qe6 56. Qb3 Qxb3 57. axb3 Rd2 58. Rh4 Rd3 59. b4 Kf8 60. Re4 Kf7 61. c6 Rc3 62. d5 Bf6 63. Bd4 1-0